书目信息 |
| 题名: |
辛弃疾词集
|
|
| 作者: | 辛弃疾 著 | |
| 分册: | ||
| 出版信息: | 上海 上海古籍出版社 2014.01 |
|
| 页数: | 12,12,361页 | |
| 开本: | 19cm | |
| 丛书名: | ||
| 单 册: | ||
| 中图分类: | I222.844.2 | |
| 科图分类: | ||
| 主题词: | 宋词--作品集 , 宋词 | |
| 电子资源: | ||
| ISBN: | 978-7-5325-7109-3 | |
| 000 | 00904nam0 2200253 450 | |
| 001 | 0020141001328 | |
| 005 | 20140610084021.17 | |
| 010 | @a978-7-5325-7109-3@b精装@dCNY32.00 | |
| 100 | @a20140207d2014 em y0chiy0110 ea | |
| 101 | 0 | @achi |
| 102 | @aCN@b310000 | |
| 105 | @ay z 000gy | |
| 106 | @ar | |
| 200 | 1 | @a辛弃疾词集@9xin qi ji ci ji@f(宋)辛弃疾著 |
| 210 | @a上海@c上海古籍出版社@d2014.01 | |
| 215 | @a12,12,361页@d19cm | |
| 330 | @a本书系“小精装词系列”丛书之一种。辛弃疾存词600多首,稼轩词雄浑豪迈,向与苏东坡的东坡乐府苏、辛并称,为豪放派词作的代表和巅峰。本书备搜辛词全部作品及后人的精彩评论,另外还加以简单的注释,为读者欣赏和研究辛弃疾的词作提供了很大的方便。 | |
| 333 | @a宋词爱好者 | |
| 606 | 0 | @a宋词@x作品集 |
| 606 | 0 | @a宋词 |
| 690 | @aI222.844.2@v5 | |
| 701 | 0 | @c(宋)@a辛弃疾@9xin qi ji@4著 |
| 801 | 0 | @aCN@b人天书店@c20140207 |
| 905 | @b847071-74@dI222.844.2@e543@f4 | |
| 辛弃疾词集/(宋)辛弃疾著.-上海:上海古籍出版社,2014.01 |
| 12,12,361页;19cm |
| 使用对象:宋词爱好者 |
| ISBN 978-7-5325-7109-3(精装):CNY32.00 |
| 本书系“小精装词系列”丛书之一种。辛弃疾存词600多首,稼轩词雄浑豪迈,向与苏东坡的东坡乐府苏、辛并称,为豪放派词作的代表和巅峰。本书备搜辛词全部作品及后人的精彩评论,另外还加以简单的注释,为读者欣赏和研究辛弃疾的词作提供了很大的方便。 |
| ● |
| 相关链接 |
|
|
|
|
正题名:辛弃疾词集
索取号:I222.844.2/543
 
预约/预借
| 序号 | 登录号 | 条形码 | 馆藏地/架位号 | 状态 | 备注 |
| 1 | 847071 | 208470714 | 第一样本阅览室/ [索取号:I222.844.2/543] | 在馆 | |
| 2 | 847072 | 208470723 | 第二借阅区/ [索取号:I222.844.2/543] | 在馆 | |
| 3 | 847073 | 208470732 | 第二借阅区/ [索取号:I222.844.2/543] | 在馆 | |
| 4 | 847074 | 208470741 | 第二借阅区/ [索取号:I222.844.2/543] | 在馆 |